000 00532cam a22001577a 4500
008 180718b1993 xxu||||| |||| 00| 0 eng d
082 _aAPPPA 1992-93 GOE
100 _aGoel, Radhey Shyam
245 _aEnvironmental impacts of large dams in India (with a case study of Ramganga Multipurpose Project, U.P.)
_cby Radhey Shyam Goel
260 _aNew Delhi
_bIndian Institute of Public Administration
_c1993
300 _av.p.
500 _aAPPPA Thesis 1992-93
650 _aAPPPA
650 _aEnvironment
650 _aDams - India
999 _c476070
_d476070